000 00491nam a2200181 a 4500
001 1774865108247
003 YourLibrary
005 20260330153908.0
008 260330s2010##################000#0#eng##
020 _a9780230221895
082 0 4 _a361.307155
_bLOM
100 1 _aLomax, Robert,
_eauthor.
245 1 0 _aSurviving Your Social Work Placement :
260 _bPalgrave Macmillan,
_c2010.
650 0 _aSocial Science.
942 _cENGLISH
040 _aYourLibrary
_beng
_cYourLibrary
999 _c618427
_d618427